00319nam a2200121Ia 4500003000400000008004100004020002500045040000800070100002400078245004500102260004000147300001000187LDD181101s9999 xx 000 0 und d a9788175876071c66.00 cLDD aFaruqi, Nisar Ahmad 0aKhawaja Hasan NizamicNisar Ahmad Faruqi aNew delhibMaktaba Jamia Ltd.c2011 a160p.